[Event "BUL-ch U20"]
[Site "Sofia"]
[Date "2023.02.02"]
[Round "2"]
[White "Kononenko, Vladimir"]
[Black "Ivanov, Lachezar1"]
[Result "1-0"]
[WhiteElo "1801"]
[BlackElo "1506"]
[PlyCount "69"]
[EventDate "2023.02.01"]
[EventType "swiss"]
[EventRounds "7"]
[EventCountry "BUL"]
[SourceTitle "CBM 212 Extra"]
[Source "ChessBase"]
[SourceDate "2023.03.31"]
[SourceVersion "1"]
[SourceVersionDate "2023.03.31"]
[SourceQuality "1"]

1. d4 Nf6 2. c4 e6 3. Nc3 d5 4. cxd5 exd5 5. Bg5 c6 6. e3 Bf5 7. Qf3 Bg6 8. Bxf6 Qxf6 9. Qxf6 gxf6 10. Be2 Nd7 11. h4 h5 12. g4 Be7 13. gxh5 Bxh5 14. Bxh5 Rxh5 15. Nf3 f5 16. Ne2 Bd6 17. Ng5 f6 18. Ne6 Kf7 19. N6f4 Bxf4 20. Nxf4 Rh6 21. Ke2 Rah8 22. h5 Nf8 23. Rag1 Ne6 24. Nxe6 Kxe6 25. Rg7 R6h7 26. Rxh7 Rxh7 27. b4 Kf7 28. Kf3 a6 29. Kf4 Ke6 30. h6 b6 31. a3 a5 32. Rh2 axb4 33. axb4 b5 34. Rh1 Rh8 35. h7 1-0

[Event "BUL-ch U20"]
[Site "Sofia"]
[Date "2023.02.01"]
[Round "1"]
[White "Kanov, Nikola"]
[Black "Kononenko, Vladimir"]
[Result "1-0"]
[WhiteElo "2383"]
[BlackElo "1801"]
[PlyCount "133"]
[EventDate "2023.02.01"]
[EventType "swiss"]
[EventRounds "7"]
[EventCountry "BUL"]
[SourceTitle "CBM 212 Extra"]
[Source "ChessBase"]
[SourceDate "2023.03.31"]
[SourceVersion "1"]
[SourceVersionDate "2023.03.31"]
[SourceQuality "1"]

1. e4 e5 2. Nf3 Nc6 3. Bc4 Bc5 4. d3 d6 5. c3 Nf6 6. h3 h6 7. Be3 Bb6 8. Nbd2 0-0 9. 0-0 Be6 10. a4 d5 11. Bxb6 axb6 12. Bb5 Nd7 13. Re1 dxe4 14. dxe4 Qf6 15. Nf1 Rfd8 16. b4 Nf8 17. Qe2 Ng6 18. Ng3 Nf4 19. Qe3 Na7 20. Bf1 g6 21. a5 Nc8 22. c4 bxa5 23. bxa5 Ne7 24. Qc5 Nc6 25. a6 Bc8 26. axb7 Bxb7 27. Rab1 Rab8 28. Kh2 Ba6 29. Rbd1 Rxd1 30. Rxd1 Bc8 31. Qe3 Be6 32. Kg1 Rb4 33. Qc3 Ra4 34. Qb3 Rb4 35. Qc3 Ra4 36. Rd2 Kg7 37. Kh2 Kh7 38. Qb3 Rb4 39. Qc3 Rb1 40. Qc2 Rb4 41. Qc3 Rb1 42. Kg1 Kg7 43. Qc2 Rb4 44. Qc3 Rb1 45. Kh2 Kh7 46. c5 Rb3 47. Qc2 Nb4 48. Qc1 Nbd3 49. Qd1 Nxc5 50. Qc2 Nd7 51. Qxc7 Nxh3 52. Rxd7 Bxd7 53. Qxd7 Nxf2 54. Bc4 Rxf3 55. gxf3 Qxf3 56. Qxf7+ Qxf7 57. Bxf7 Kg7 58. Be8 Kf6 59. Kg2 Nd3 60. Kf3 Nf4 61. Nf1 h5 62. Ne3 g5 63. Nd5+ Nxd5 64. exd5 h4 65. Bd7 Kf7 66. Ke4 Ke7 67. Bh3 1-0

[Event "EU-ch Hybrid U12"]
[Site "Tornelo INT"]
[Date "2021.10.15"]
[Round "4"]
[White "Kononenko, Vladimir"]
[Black "Dimitrov, Martin"]
[Result "1-0"]
[WhiteElo "1748"]
[BlackElo "1553"]
[PlyCount "93"]
[EventDate "2021.10.15"]
[EventType "swiss"]
[EventRounds "9"]
[EventCountry "NET"]
[SourceTitle "EXT 2023"]
[Source "ChessBase"]
[SourceDate "2022.10.05"]
[SourceVersion "1"]
[SourceVersionDate "2022.10.05"]
[SourceQuality "1"]
[WhiteTeam "Bulgaria"]
[BlackTeam "Bulgaria"]
[WhiteTeamCountry "BUL"]
[BlackTeamCountry "BUL"]

1. d4 d5 2. c4 Bf5 3. Nc3 e6 4. cxd5 exd5 5. Qb3 Nc6 6. Nf3 Nb4 7. e4 dxe4 8. Ng5 Qd7 9. a3 Nc6 10. Bb5 a6 11. Qa4 Nf6 12. d5 Nxd5 13. Nxd5 Qxd5 14. Bc4 Qa5+ 15. Qxa5 Nxa5 16. Bxf7+ Kd7 17. Bd5 c6 18. Ba2 b5 19. Nf7 Bd6 20. Nxh8 Rxh8 21. b4 Nb7 22. Be3 a5 23. bxa5 Nxa5 24. 0-0 Bxa3 25. Rfd1+ Kc7 26. Be6 Bxe6 27. Rxa3 Nb7 28. Ra6 Rf8 29. Bb6+ Kb8 30. Rda1 Na5 31. R1xa5 Rf5 32. Ra8+ Kb7 33. Bd8 c5 34. R8a7+ Kc6 35. R5a6+ Kd5 36. Be7 Bc8 37. Rd6+ Kc4 38. Rc7 Re5 39. Rdc6 Kb4 40. Bxc5+ Rxc5 41. Rxc5 Be6 42. R5c6 Bc4 43. Rb6 Ka5 44. Rxc4 bxc4 45. Rb8 c3 46. Kf1 c2 47. Rc8 1-0

[Event "EU-ch U10"]
[Site "Bratislava"]
[Date "2019.08.10"]
[Round "9"]
[White "Navoyan, Gagik"]
[Black "Kononenko, Vladimir"]
[Result "1-0"]
[WhiteElo "1716"]
[BlackElo "1828"]
[PlyCount "119"]
[EventDate "2019.08.02"]
[EventType "swiss"]
[EventRounds "9"]
[EventCountry "SVK"]
[SourceTitle "EXT 2020"]
[Source "ChessBase"]
[SourceDate "2019.10.17"]
[SourceVersion "1"]
[SourceVersionDate "2019.10.17"]
[SourceQuality "1"]

1. d4 e6 2. Nf3 Nf6 3. g3 d5 4. Bg2 c5 5. c4 dxc4 6. 0-0 Nc6 7. dxc5 Qxd1 8. Rxd1 Bxc5 9. Nbd2 c3 10. bxc3 Bd7 11. Nb3 Bb6 12. Bb2 0-0-0 13. Nfd4 a6 14. c4 Nxd4 15. Bxd4 Bxd4 16. Rxd4 e5 17. Rdd1 e4 18. Rd4 Bc6 19. e3 Rhe8 20. Rad1 Nd7 21. Bh3 Kc7 22. Bxd7 Bxd7 23. Rc1 Bc6 24. Kf1 Rd7 25. Ke2 Red8 26. Rcd1 b6 27. Kd2 b5 28. c5 a5 29. Kc3 a4 30. Rxd7+ Bxd7 31. Nd4 b4+ 32. Kxb4 Rb8+ 33. Ka3 g6 34. Rc1 Bc6 35. Nxc6 Kxc6 36. Rc2 f5 37. Kxa4 Rb7 38. a3 Rb1 39. h4 Rb7 40. Ka5 Rb5+ 41. Ka4 Rb7 42. Rd2 Kxc5 43. Rc2+ Kd5 44. Ka5 h6 45. a4 g5 46. h5 Rb1 47. Ka6 Rb8 48. a5 f4 49. gxf4 gxf4 50. exf4 Kd4 51. Ka7 Rb5 52. a6 Kd3 53. Ra2 Kd4 54. Ka8 Kd5 55. Rc2 Rb6 56. a7 Ke6 57. Rc7 Rb2 58. Rb7 Rxf2 59. Kb8 Rxf4 60. Rc7 1-0

[Event "EU-ch U10"]
[Site "Bratislava"]
[Date "2019.08.07"]
[Round "6"]
[White "Kononenko, Vladimir"]
[Black "Medhus, Vitus Bondo"]
[Result "1-0"]
[WhiteElo "1828"]
[BlackElo "1704"]
[PlyCount "71"]
[EventDate "2019.08.02"]
[EventType "swiss"]
[EventRounds "9"]
[EventCountry "SVK"]
[SourceTitle "EXT 2020"]
[Source "ChessBase"]
[SourceDate "2019.10.17"]
[SourceVersion "1"]
[SourceVersionDate "2019.10.17"]
[SourceQuality "1"]

1. d4 Nf6 2. c4 c5 3. d5 b5 4. cxb5 a6 5. b6 d6 6. Nc3 g6 7. e4 Bg7 8. Nf3 Qxb6 9. Be2 0-0 10. 0-0 Bg4 11. Nd2 Bxe2 12. Qxe2 Nbd7 13. f4 Rfb8 14. Nc4 Qc7 15. e5 Ne8 16. e6 Nf8 17. f5 fxe6 18. fxe6 Nf6 19. a4 Qb7 20. Rd1 h6 21. h4 N8h7 22. a5 Rf8 23. Nb6 Rad8 24. Qd3 g5 25. Qg6 Ng4 26. hxg5 hxg5 27. Bd2 Kh8 28. Ne4 Bd4+ 29. Kh1 Nf2+ 30. Nxf2 Bxf2 31. Bc3+ Bd4 32. Rxd4 cxd4 33. Bxd4+ Nf6 34. Ra3 g4 35. Rg3 Qc7 36. Qh6+ 1-0

[Event "EU-ch U10"]
[Site "Bratislava"]
[Date "2019.08.05"]
[Round "4"]
[White "Kononenko, Vladimir"]
[Black "Haubold, Sebastian Marcel"]
[Result "1-0"]
[WhiteElo "1828"]
[BlackElo "1559"]
[PlyCount "97"]
[EventDate "2019.08.02"]
[EventType "swiss"]
[EventRounds "9"]
[EventCountry "SVK"]
[SourceTitle "EXT 2020"]
[Source "ChessBase"]
[SourceDate "2019.10.17"]
[SourceVersion "1"]
[SourceVersionDate "2019.10.17"]
[SourceQuality "1"]

1. d4 Nf6 2. c4 c5 3. d5 b5 4. cxb5 a6 5. b6 Qxb6 6. Nc3 g6 7. e4 d6 8. Nf3 Nbd7 9. Bd3 Bg7 10. 0-0 0-0 11. Kh1 Ng4 12. Qc2 Rb8 13. h3 Nge5 14. Nxe5 Nxe5 15. Be2 a5 16. f4 Nd7 17. Nb5 Ba6 18. a4 Rfc8 19. Bc4 Re8 20. Ra3 e6 21. dxe6 fxe6 22. Rd3 Bxb5 23. Bxb5 Re7 24. Be3 Bf8 25. Rfd1 Rf7 26. Qc4 Re8 27. b3 Rg7 28. Bxd7 Rxd7 29. Bxc5 Qb8 30. Qa6 Red8 31. Qxa5 Qb7 32. Ba3 Qxe4 33. Qe1 Qf5 34. a5 Kf7 35. a6 Qb5 36. Bb2 Qxa6 37. Qc3 d5 38. Qf6+ Ke8 39. Re3 Re7 40. Qg5 Bg7 41. Bxg7 Rxg7 42. f5 Rd6 43. fxe6 Re7 44. Rde1 Rdxe6 45. Qxe7+ Rxe7 46. Rxe7+ Kf8 47. Rxh7 Qd3 48. Ra1 Kg8 49. Rb7 1-0

[Event "Teteven op 32nd"]
[Site "Teteven"]
[Date "2018.08.15"]
[Round "5"]
[White "Kononenko, Vladimir"]
[Black "Doykov, Stoycho"]
[Result "1/2-1/2"]
[WhiteElo "1251"]
[BlackElo "1784"]
[PlyCount "51"]
[EventDate "2018.08.11"]
[EventType "swiss"]
[EventRounds "9"]
[EventCountry "BUL"]
[SourceTitle "CBM 186 Extra"]
[Source "ChessBase"]
[SourceDate "2018.08.24"]
[SourceVersion "1"]
[SourceVersionDate "2018.08.24"]
[SourceQuality "1"]

1. d4 e6 2. Nf3 Nf6 3. Bg5 Be7 4. e3 0-0 5. Bd3 b6 6. 0-0 Bb7 7. Nbd2 d5 8. c3 Nbd7 9. Qc2 Rc8 10. Ne5 h6 11. Bh4 c5 12. f4 c4 13. Be2 Nxe5 14. fxe5 Nh7 15. Bxe7 Qxe7 16. Nf3 Ng5 17. Nxg5 Qxg5 18. Rf3 Qe7 19. Raf1 b5 20. Rf4 Bc6 21. Bh5 Be8 22. R1f3 Rb8 23. Qf2 b4 24. h4 bxc3 25. bxc3 Rb1+ 26. Kh2 1/2-1/2